Evaluating and improving the spatial accuracy of parcel data (Record no. 73296)
[ view plain ]
| 000 -LEADER | |
|---|---|
| fixed length control field | 00824cam a2200229 4500 |
| 001 - CONTROL NUMBER | |
| control field | ABS66984 |
| 008 - FIXED-LENGTH DATA ELEMENTS--GENERAL INFORMATION | |
| fixed length control field | 030828n2003 000 0 eng u |
| 035 ## - SYSTEM CONTROL NUMBER | |
| System control number | (Sirsi) u123395 |
| 100 ## - MAIN ENTRY--PERSONAL NAME | |
| Personal name | Zimmer, R. |
| 245 ## - TITLE STATEMENT | |
| Title | Evaluating and improving the spatial accuracy of parcel data |
| 260 ## - PUBLICATION, DISTRIBUTION, ETC. | |
| Date of publication, distribution, etc. | 2003 |
| 490 ## - SERIES STATEMENT | |
| Series statement | Professional Surveyor |
| Volume/sequential designation | 23(8) August 2003, 42-45(4) |
| 520 ## - SUMMARY, ETC. | |
| Summary, etc. | Describes one method to evaluate the spatial accuracy of parcel data, as well as determine some of the types of errors that may be apparent. Also describes methods to improve the accuracies. [Taken from journal abstract]. |
| 590 ## - LOCAL NOTE (RLIN) | |
| Local note | ABS |
| 650 ## - SUBJECT ADDED ENTRY--TOPICAL TERM | |
| Topical term or geographic name entry element | SPATIAL ANALYSIS |
| 650 ## - SUBJECT ADDED ENTRY--TOPICAL TERM | |
| Topical term or geographic name entry element | SPATIAL DATA |
| 650 ## - SUBJECT ADDED ENTRY--TOPICAL TERM | |
| Topical term or geographic name entry element | SPATIAL INFORMATION SYSTEMS |
| 650 ## - SUBJECT ADDED ENTRY--TOPICAL TERM | |
| Topical term or geographic name entry element | SPATIAL MODELLING |
| 650 ## - SUBJECT ADDED ENTRY--TOPICAL TERM | |
| Topical term or geographic name entry element | ACCURACY |
| 690 ## - LOCAL SUBJECT ADDED ENTRY--TOPICAL TERM (OCLC, RLIN) | |
| Topical term or geographic name as entry element | GEOMATICS-GPS |
| 942 ## - ADDED ENTRY ELEMENTS (KOHA) | |
| Suppress in OPAC | 0 |
| Withdrawn status | Lost status | Source of classification or shelving scheme | Damaged status | Not for loan | Home library | Current library | Shelving location | Date acquired | Total Checkouts | Full call number | Barcode | Date last seen | Copy number | Price effective from | Koha item type |
|---|---|---|---|---|---|---|---|---|---|---|---|---|---|---|---|
| Dewey Decimal Classification | London | London | Journal article | 28/08/2003 | ABS66984 | 123395-1001 | 06/08/2019 | 1 | 06/08/2019 | Journal article |